<?xml version="1.0" encoding="UTF-8"?>
<record
    xmlns:xsi="http://www.w3.org/2001/XMLSchema-instance"
    xsi:schemaLocation="http://www.loc.gov/MARC21/slim http://www.loc.gov/standards/marcxml/schema/MARC21slim.xsd"
    xmlns="http://www.loc.gov/MARC21/slim">

  <leader>03506cam a22004934i 4500</leader>
  <controlfield tag="003">PE-LiUPU</controlfield>
  <controlfield tag="005">20250731180117.0</controlfield>
  <controlfield tag="008">191120s2017    sp a    rb    000 0 spa d</controlfield>
  <datafield tag="020" ind1=" " ind2=" ">
    <subfield code="a">9788429151459</subfield>
  </datafield>
  <datafield tag="040" ind1=" " ind2=" ">
    <subfield code="a">PE-LiUPU</subfield>
    <subfield code="b">spa</subfield>
    <subfield code="c">PE-LiUPU</subfield>
    <subfield code="e">rda</subfield>
  </datafield>
  <datafield tag="049" ind1=" " ind2=" ">
    <subfield code="a">PRUA</subfield>
  </datafield>
  <datafield tag="082" ind1="0" ind2="4">
    <subfield code="a">515.353</subfield>
    <subfield code="b">S836i</subfield>
  </datafield>
  <datafield tag="100" ind1="1" ind2=" ">
    <subfield code="a">Stephenson, G.,</subfield>
    <subfield code="e">autor.</subfield>
  </datafield>
  <datafield tag="245" ind1=" " ind2=" ">
    <subfield code="a">Introducci&#xF3;n a las ecuaciones en derivadas parciales :</subfield>
    <subfield code="b">texto para estudiantes de ciencias e ingenier&#xED;a /</subfield>
    <subfield code="c">G. Stephenson ; traducci&#xF3;n, Jos&#xE9; Pl&#xE1; Carrera.</subfield>
  </datafield>
  <datafield tag="264" ind1=" " ind2="1">
    <subfield code="a">Barcelona :</subfield>
    <subfield code="b">Revert&#xE9;,</subfield>
    <subfield code="c">2017</subfield>
  </datafield>
  <datafield tag="300" ind1=" " ind2=" ">
    <subfield code="a">xi, 167 p&#xE1;ginas :</subfield>
    <subfield code="b">ilustraciones ;</subfield>
    <subfield code="c">22 centimetros</subfield>
  </datafield>
  <datafield tag="336" ind1=" " ind2=" ">
    <subfield code="a">text</subfield>
    <subfield code="2">rdacontent</subfield>
  </datafield>
  <datafield tag="337" ind1=" " ind2=" ">
    <subfield code="a">unmediated</subfield>
    <subfield code="2">rdamedia</subfield>
  </datafield>
  <datafield tag="337" ind1=" " ind2=" ">
    <subfield code="a">volume</subfield>
    <subfield code="2">rdacarrier</subfield>
  </datafield>
  <datafield tag="505" ind1="0" ind2=" ">
    <subfield code="a">Conceptos b&#xE1;sicos &#x2013; Introducci&#xF3;n -- La ecuaci&#xF3;n de ondas -- Algunas ecuaciones importantes &#x2013; Problemas 1 -- Clasificaci&#xF3;n de ecuaciones y condiciones de contorno -- Tipos de ecuaciones -- Ecuaci&#xF3;n de Euler -- Condiciones de contorno -- La ecuaci&#xF3;n de Laplace y el problema de Dirichlet -- La soluci&#xF3;n de D'Alembert de la ecuaci&#xF3;n de ondas -- Problemas 2 -- Funciones ortonormales -- Superposici&#xF3;n de soluciones -- Funciones ortonomales -- Desarrollo de una funci&#xF3;n en serie de funciones ortonormales -- La ecuaci&#xF3;n de Stum-lLiouville -- Problemas 3 &#x2013; Aplicaciones del m&#xE9;todo de Fourier -- Sistemas de coordenadas y separabilidad -- Ecuaciones homog&#xE9;neas -- Condiciones de contorno no homog&#xE9;neas -- Ecuaciones no homog&#xE9;neas &#x2013; Problemas 4 -- Problemas con simetr&#xED;as cil&#xED;ndricas y esf&#xE9;ricas -- Soluciones simples de la ecuaci&#xF3;n de Laplace -- El problema de Dirichlet relativo a un c&#xED;rculo -- Funciones especiales -- Problemas de valores de contorno que contienen -- Problemas -- Valores propios continuos e integrales de Fourier &#x2013; Introducci&#xF3;n -- La integral de Fourier -- Aplicaciones de las integrales de Fourier a los problemas con valores da contorno -- Problemas 6 -- La transformada de Laplace Transformadas integrales -- La transformada de Laplace -- Transformaci&#xF3;n inversa de Laplace -- La funci&#xF3;n de error -- La funci&#xF3;n de salto unidad o de Heaviside -- Transformadas de Laplace de derivadas -- Resoluci&#xF3;n de ecuaciones diferenciales ordinarias -- Problemas 7 -- M&#xE9;todo de transformaciones integrales en los problemas de contorno &#x2013; Introducci&#xF3;n -- Aplicaciones de la transformaci&#xF3;n de Laplace -- Aplicaciones de las transformaciones seno y coseno de Fourier -- Ecuaciones no homog&#xE9;neas &#x2013; Problemas 8 -- Funciones de Green y funciones generalizadas -- Introducci&#xF3;n -- Funciones generalizadas -- Funciones de Green -- Problemas 9 -- Cuestiones relacionadas -- Introducci&#xF3;n -- Transformaciones conformes -- Teor&#xED;a de las perturbaciones -- M&#xE9;todos variacionales.</subfield>
  </datafield>
  <datafield tag="526" ind1=" " ind2=" ">
    <subfield code="a">SEG44</subfield>
  </datafield>
  <datafield tag="526" ind1=" " ind2=" ">
    <subfield code="a">SEG26</subfield>
  </datafield>
  <datafield tag="526" ind1=" " ind2=" ">
    <subfield code="a">P159</subfield>
  </datafield>
  <datafield tag="526" ind1=" " ind2=" ">
    <subfield code="a">P155</subfield>
  </datafield>
  <datafield tag="526" ind1=" " ind2=" ">
    <subfield code="a">P154</subfield>
  </datafield>
  <datafield tag="526" ind1=" " ind2=" ">
    <subfield code="a">P153</subfield>
  </datafield>
  <datafield tag="526" ind1=" " ind2=" ">
    <subfield code="a">P150</subfield>
  </datafield>
  <datafield tag="526" ind1=" " ind2=" ">
    <subfield code="a">P100</subfield>
  </datafield>
  <datafield tag="526" ind1=" " ind2=" ">
    <subfield code="a">P31</subfield>
  </datafield>
  <datafield tag="526" ind1=" " ind2=" ">
    <subfield code="a">P30</subfield>
  </datafield>
  <datafield tag="526" ind1=" " ind2=" ">
    <subfield code="a">P26</subfield>
  </datafield>
  <datafield tag="526" ind1=" " ind2=" ">
    <subfield code="a">P25</subfield>
  </datafield>
  <datafield tag="526" ind1=" " ind2=" ">
    <subfield code="a">P24</subfield>
  </datafield>
  <datafield tag="526" ind1=" " ind2=" ">
    <subfield code="a">P22</subfield>
  </datafield>
  <datafield tag="526" ind1=" " ind2=" ">
    <subfield code="a">P15</subfield>
  </datafield>
  <datafield tag="526" ind1=" " ind2=" ">
    <subfield code="a">P10</subfield>
  </datafield>
  <datafield tag="534" ind1=" " ind2=" ">
    <subfield code="t">T&#xED;tulo original :</subfield>
    <subfield code="t">An introduction to patrial differential equations for science students. Second edition.</subfield>
  </datafield>
  <datafield tag="650" ind1="0" ind2="4">
    <subfield code="a">Ecuaciones diferenciales parciales.</subfield>
  </datafield>
  <datafield tag="650" ind1="0" ind2="4">
    <subfield code="a">Transformadas Laplace.</subfield>
  </datafield>
  <datafield tag="700" ind1="1" ind2=" ">
    <subfield code="a">Pl&#xE1; Carrera, Jos&#xE9;,</subfield>
    <subfield code="e">autor</subfield>
  </datafield>
  <datafield tag="942" ind1=" " ind2=" ">
    <subfield code="2">ddc</subfield>
    <subfield code="c">BOOK</subfield>
  </datafield>
  <datafield tag="980" ind1=" " ind2=" ">
    <subfield code="8">1</subfield>
    <subfield code="g">ALBERTO SANCHEZ Responsable de Automatizaci&#xF3;n</subfield>
  </datafield>
  <datafield tag="999" ind1=" " ind2=" ">
    <subfield code="c">31941</subfield>
    <subfield code="d">31941</subfield>
  </datafield>
  <datafield tag="952" ind1=" " ind2=" ">
    <subfield code="r">2025-12-02 00:00:00</subfield>
    <subfield code="l">1</subfield>
    <subfield code="o">515.353 S836i</subfield>
    <subfield code="p">81116</subfield>
    <subfield code="s">2022-12-29</subfield>
    <subfield code="t">e1</subfield>
    <subfield code="v">18.08</subfield>
    <subfield code="x">FACIHED</subfield>
    <subfield code="y">BK</subfield>
    <subfield code="z">inventario-2023-12-13</subfield>
    <subfield code="1">0</subfield>
    <subfield code="2">ddc</subfield>
    <subfield code="5">0</subfield>
    <subfield code="7">0</subfield>
    <subfield code="8">GEN</subfield>
    <subfield code="f">P15</subfield>
    <subfield code="a">BUL</subfield>
    <subfield code="b">BUL</subfield>
    <subfield code="c">GEN</subfield>
    <subfield code="d">2022-08-23</subfield>
    <subfield code="e">LIBUN</subfield>
    <subfield code="g">13.08</subfield>
  </datafield>
</record>
